000 00702nam a2200217 i 4500
001 61831
003 ES-MaACL
005 20250728222551.0
007 t|
008 031114s1978 sp ||||1| spa d
100 1 _aFahn, A.
_948642
245 1 0 _aAnatomía vegetal /
_cA. Fahn ; traducido por Fernando García Arenal, Javier Fernández Casas, Joaquín Fernández Pérez.
250 _a[1ª ed.].
260 _aMadrid :
_bH. Blume,
_c[1978]
300 _aXI, 643 :
_bil. ;
_c24 cm.
700 1 _aGarcía Arenal, Fernando.
_954179
700 1 _aFernández Casas, Javier
_949563
700 1 _aFernández Pérez, Joaquín.
_949994
852 _aES-MaACL
_jA-9426
_bR.98487
999 _c61831
_d61831